书目信息 |
| 题名: |
作曲技法
|
|
| 作者: | 兴德米特 著 ;罗忠容 译 | |
| 分册: | 第一卷 理论篇 | |
| 出版信息: | 北京 人民音乐出版社 1983.3 |
|
| 页数: | 222页 | |
| 开本: | 20cm | |
| 丛书名: | ||
| 单 册: | ||
| 中图分类: | J614.9 | |
| 科图分类: | ||
| 主题词: | 音乐--技术--理论 , 音乐--技术--方法 | |
| 电子资源: | ||
| ISBN: | ||
| 000 | 00631nam0 2200229 45 | |
| 001 | 0312221749 | |
| 005 | 20040514100831.8 | |
| 010 | @dCNY1.20 | |
| 100 | @a20031222d1983 km y0chiy0120 ea | |
| 101 | @achi | |
| 105 | @a z 000yy | |
| 200 | 1 | @a作曲技法@h第一卷@i理论篇@AZuo Qu Ji Fa@f(德)兴德米特著@F(De)Xing De Mi Te Zhu@g罗忠容译 |
| 210 | @a北京@c人民音乐出版社@d1983.3 | |
| 215 | @a222页@d20cm | |
| 517 | @a理论篇@ALi Lun Pian | |
| 606 | 0 | @a音乐@x技术@x理论 |
| 606 | 0 | @a音乐@x技术@x方法 |
| 690 | @aJ614.9@v3 | |
| 701 | 0 | @a兴德米特@4著 |
| 702 | 0 | @a罗忠容@4译 |
| 801 | @aCN@bTSTCL@c20031222 | |
| 905 | @dJ614.9@e54:1 | |
| 作曲技法.第一卷.理论篇/(德)兴德米特著/罗忠容译.-北京:人民音乐出版社,1983.3 |
| 222页;20cm |
| ISBN :CNY1.20 |
| ● |
| 相关链接 |
|
|
|
|
正题名:作曲技法
索取号:J614.9/54:1
 
预约/预借
| 序号 | 登录号 | 条形码 | 馆藏地/架位号 | 状态 | 备注 |
| 1 | 0207244 | 000574685 | 第一借阅区/ [索取号:J614.9/54:1] | 在馆 | |
| 2 | 0211507 | 000574658 | 第一借阅区/ [索取号:J614.9/54:1] | 在馆 |